| 000 | 01050nam a2200289 i 4500 | ||
|---|---|---|---|
| 003 | EG-GICUC | ||
| 005 | 20260429073133.0 | ||
| 008 | 260429b1900 fr |||fr|||| 00| 0 fre d | ||
| 040 |
_aEG-GiCUC _bfre _cEG-GiCUC _dEG-GiCUC _eRda |
||
| 041 | _afre | ||
| 082 | 0 | 4 |
_221 _a343.1 _bBR . P |
| 092 | 0 | 4 | _221 |
| 099 | _aLaw1 10 343.1 BR . P [1900] | ||
| 100 | 1 |
_aBraas, Ad _eAuteur |
|
| 245 | 1 | 0 |
_aPrécis de droit pénal : _bPrincipes généraux de la répression / _cCommentaire du livre 1er du Code pénal. Législation sur le vagabondage et la mendicité. Législation de l'enfance. |
| 264 | 1 |
_a[Lieu de publication non identifié] : _b[Éditeur non identifié], _c[1900]. |
|
| 300 |
_a382 page ; _c 24 cm. |
||
| 336 |
_2rda contenu _a texte |
||
| 337 |
_2rda medias _aOrdinateur |
||
| 338 |
_2 transporteur rda _a Ressource en ligne |
||
| 546 | _aTexte en français | ||
| 650 | 1 | 4 |
_aDroit pénal général _2qrmak |
| 651 | 1 | _2qrmak | |
| 856 | 4 | 0 | _uhttps://fll.law.cu.edu.eg/fulltext/bks/B10-00684.pdf |
| 905 | _a161 | ||
| 942 |
_2ddc _cBK _e21 _n0 |
||
| 999 |
_c74023 _d74023 |
||